[Event "74th RUS-ch Superfinal 2021"]
[Site "Ufa"]
[Date "2021.10.12"]
[Round "4.6"]
[White "Ponkratov, Pavel"]
[Black "Motylev, Alexander"]
[Result "0-1"]
[WhiteElo "2659"]
[BlackElo "2624"]
[Annotator "TA"]
[PlyCount "70"]
[EventDate "2021.10.09"]
[EventType "tourn"]
[EventCountry "RUS"]
[SourceTitle "playchess.com"]
[Source "ChessBase"]
[SourceQuality "1"]

{[%evp 12,70,11,0,0,0,0,0,36,37,41,0,0,0,0,3,0,0,14,12,10,8,25,22,29,27,22,25,20,0,3,11,21,6,0,-9,-14,-14,-2,-33,0,0,0,0,0,-13,31,0,209,210,212,-244,-230,-472,-483,-1037,-1036,-29991,-29992,-29992,-29993]} 1. Nf3 d5 2. c4 c6 3. e3 Nf6 4. Nc3 e6 5. b3 Bd6 6. Bb2 O-O 7. Be2 e5 {A11: English Opening: 1...c6.} 8. cxd5 cxd5 9. Nb5 Nc6 {The position is equal.} 10. Nxd6 Qxd6 11. O-O d4 12. exd4 {[#]} e4 $146 ({Predecessor:} 12... exd4 13. Bb5 Bg4 14. h3 Bh5 15. Re1 Rfe8 16. Rxe8+ Rxe8 17. Rc1 Re4 18. Bf1 h6 {½-½ (28) Javakhishvili,L (2464)-Zawadzka,J (2423) Wroclaw 2018}) 13. Ne5 {Black should prevent Nc4.} Nxd4 14. Nc4 Qd8 15. Rc1 Re8 16. Ne3 Be6 17. Bc4 Bxc4 18. Rxc4 Nc6 19. Qa1 Re6 20. Rd1 Qd3 21. Rc3 Qd7 22. d3 {And now dxe4 would win.} Rd6 23. Rc5 exd3 24. Bxf6 gxf6 25. h3 Re8 26. Nf5 Rde6 27. Qc3 Rd8 $1 {[%cal Be8d8,Bd8c8,Bc8c2][%mdl 32]} 28. Rc4 {[%cal Bc5c4,Bc4g4,Bg4d4][%mdl 32] Hoping for Rg4+.} Kh8 (28... h5 {seems wilder.} 29. Kh1 Qd5 30. Ne3 Qd6 31. Rh4 d2) 29. Rg4 {[%mdl 1024] Strongly threatening Rxd3! White has compensation.} (29. Nh6 $5 {[%cal Rd1d3]} Qe8 30. Rg4 $16 (30. Rxd3 Rxd3 31. Qxd3 Ne5 $17 {[%mdl 64] Double Attack})) 29... Ne5 (29... Qd5 $1 $11 {and Black has nothing to worry.} 30. Ne3 Qd7) 30. Rd4 $18 Qe8 31. f4 $4 {[%mdl 8192] [#]} (31. Rxd8 $1 $18 {is the narrow road to win. Threatening mate with Qc8.} Qxd8 32. f4) 31... Rc8 $1 $19 32. Qa1 $2 {[#]} (32. Rc4 {is a better defense.} Nxc4 33. bxc4) 32... Nf3+ $1 {[%mdl 512]} 33. gxf3 {[#]} (33. Kh1 $142 d2 34. Re4) 33... Re2 $1 {( -> ...Qg8+)} 34. Nh4 Qg8+ 35. Kh1 Rcc2 {[%csl Gc2][%cal Re2h2] Weighted Error Value: White=0.74/Black=0.18} ({Wrong is} 35... Qg3 $2 {[#]} 36. Rd8+ $3 {[%mdl 576] Double Attack, Discovered Attack} Re8 37. Qxf6+ Qg7 38. Rxe8+ Rxe8 39. Qd6 $18) 0-1

[Event "74th RUS-ch Superfinal 2021"]
[Site "Ufa"]
[Date "2021.10.13"]
[Round "5.1"]
[White "Motylev, Alexander"]
[Black "Matlakov, Maxim"]
[Result "1/2-1/2"]
[WhiteElo "2624"]
[BlackElo "2682"]
[Annotator "TA"]
[PlyCount "66"]
[EventDate "2021.10.09"]
[EventType "tourn"]
[EventCountry "RUS"]
[SourceTitle "playchess.com"]
[Source "ChessBase"]
[SourceQuality "1"]

{[%evp 24,66,28,31,22,25,25,23,25,15,25,20,21,29,20,24,25,11,12,8,8,10,11,0,0,-27,-32,-66,-22,-72,-33,-20,0,0,0,0,0,0,20,0,7,0,18,0,25]} 1. e4 e5 2. Nf3 Nc6 3. Bb5 a6 4. Ba4 Nf6 5. O-O Nxe4 6. d4 b5 7. Bb3 d5 8. dxe5 Be6 9. Nbd2 {[%cal Bb1d2,Bd2e4,Be4c3][%mdl 32]} Nc5 10. c3 d4 11. Bxe6 Nxe6 12. cxd4 Ncxd4 13. Ne4 Qd5 {C80: Open Ruy Lopez: Sidelines and 9 Nbd2.} 14. Nxd4 Nxd4 15. Nc3 Qc4 {White has an edge.} 16. Be3 Rd8 17. Bxd4 {Qf3 is the strong threat.} Bc5 {[#]} 18. e6 $1 Rxd4 ({Don't play} 18... Qxd4 $6 19. exf7+ Kf8 20. Qe2 $16) 19. exf7+ Qxf7 {[#]} 20. Re1+ $146 ({Predecessor:} 20. Qe2+ Kd7 21. a4 Re8 22. Qc2 Qg6 23. Qxg6 hxg6 24. axb5 axb5 25. Nxb5 {½-½ (25) Fremmegaard,J (2225)-Wydornik,R (2205) ICCF email 2018}) 20... Kd7 21. Qc2 Bb6 22. a4 b4 23. a5 Ba7 24. Nd1 Qg6 25. Qe2 Kc8 (25... Re8 $5 {[%cal Re8e2]} 26. Ne3 Kc8 $15) 26. Ne3 Rhd8 27. Rac1 Rd2 {The position is equal.} 28. Qc4 {[%csl Gc1][%cal Rc4c7] [#]} R8d7 29. Qxb4 {Threatens to win with Rxc7+.} Qf7 30. Qe4 {Hoping for Qa8+.} Kb8 31. Qb4+ Kc8 32. Qe4 {And now Qa8+ would win.} Kb8 33. Qb4+ Kc8 {Weighted Error Value: White=0.08/Black=0.06} 1/2-1/2

[Event "74th RUS-ch Superfinal 2021"]
[Site "Ufa"]
[Date "2021.10.13"]
[Round "5.2"]
[White "Alekseenko, Kirill"]
[Black "Ponkratov, Pavel"]
[Result "1/2-1/2"]
[WhiteElo "2710"]
[BlackElo "2659"]
[Annotator "TA"]
[PlyCount "120"]
[EventDate "2021.10.09"]
[EventType "tourn"]
[EventCountry "RUS"]
[SourceTitle "playchess.com"]
[Source "ChessBase"]
[SourceQuality "1"]

{[%evp 13,120,18,23,21,43,10,16,0,5,5,18,18,25,19,13,17,38,0,22,15,22,15,29,26,40,40,47,7,17,18,24,24,22,10,10,0,3,0,37,33,44,44,44,16,48,44,44,44,52,52,52,52,52,52,52,51,60,48,51,48,48,48,50,43,61,52,52,52,50,37,59,51,51,52,58,51,52,14,74,23,52,0,0,0,0,0,0,0,0,0,0,0,0,0,0,0,0,0,0,0,0,0,0,0,0,0,0,0,19]} 1. e4 e5 2. Nf3 Nc6 3. Bc4 Bc5 4. d3 Nf6 5. O-O d6 6. c3 a6 7. a4 O-O 8. h3 {C54: Giuoco Piano: 4 c3 Nf6, main lines with 5 d4 and 5 d3.} Ne7 9. Nbd2 Ng6 10. d4 Ba7 11. Re1 exd4 {is cutting edge theory.} 12. cxd4 d5 13. exd5 Nxd5 14. Ne4 c6 15. a5 h6 16. Qb3 {[#]} Nh4 $146 ({Predecessor:} 16... Bb8 17. Nc3 Nge7 18. Ne5 Bc7 19. Bd2 Rb8 20. Ne4 Nf5 21. Qd3 Nde7 22. Bc3 Nd5 {1-0 (74) Deac,B (2627)-Kamsky,G (2665) Europe Echecs INT 2021}) 17. Nc5 Nxf3+ 18. Qxf3 Bxc5 19. dxc5 Be6 20. Bd2 Nf6 21. Bd3 ({But not} 21. Bxe6 Qxd2 22. Bc4 Qxb2 $15) 21... Qd5 22. Qxd5 Nxd5 23. f4 Rad8 24. Bc2 Rfe8 25. f5 Bd7 (25... Ne7 $5 {[%cal Rd8d2]} 26. fxe6 Rxd2 27. exf7+ Kxf7 28. Rf1+ Kg8 $11) 26. g4 Rxe1+ 27. Rxe1 Re8 28. Rd1 Kf8 29. Kf2 Re5 30. Kf3 Be8 31. Be4 f6 32. Be1 {Bg3 is the strong threat.} Bf7 33. Bg3 Re8 34. Rd3 Kg8 35. Rb3 Re7 36. Bd6 Rd7 37. h4 Ne7 38. Re3 Nd5 39. Rd3 Nb4 40. Rd4 Nd5 41. Kf2 Rd8 42. Kg3 Re8 43. Kf3 Rd8 44. Rd2 Re8 45. Bg3 Re7 (45... h5 $11 {remains equal.} 46. Rd4 hxg4+ 47. Kxg4 Kh7) 46. Rd3 ({Better is} 46. Rd4 $16) 46... Re8 47. Rb3 (47. Rd4 $14) 47... h5 $11 {[#] Hoping for ...hxg4+.The position is equal.} 48. Bc2 $1 hxg4+ 49. Kf2 Re7 50. Bd6 Rd7 51. Kg3 Ne7 52. Rb4 Nc8 53. Bf4 Na7 54. Kxg4 Nb5 55. Be3 Bd5 56. Kg3 Re7 57. Kf2 Kh7 58. Bf4 Bf7 59. Bd3 Rd7 60. Ke3 Re7+ {Weighted Error Value: White=0.08/Black=0.08} 1/2-1/2

[Event "74th RUS-ch Superfinal 2021"]
[Site "Ufa"]
[Date "2021.10.13"]
[Round "5.3"]
[White "Vitiugov, Nikita"]
[Black "Andreikin, Dmitry"]
[Result "1-0"]
[WhiteElo "2727"]
[BlackElo "2728"]
[Annotator "TA"]
[PlyCount "76"]
[EventDate "2021.10.09"]
[EventType "tourn"]
[EventCountry "RUS"]
[SourceTitle "playchess.com"]
[Source "ChessBase"]
[SourceQuality "1"]

{[%evp 14,76,-16,-39,-24,-32,25,14,26,0,0,0,0,8,0,0,0,0,0,0,0,0,0,0,0,0,0,0,0,0,0,0,0,0,122,0,122,122,122,121,136,150,127,122,144,118,243,243,278,278,278,266,266,204,204,204,204,204,187,183,5243,5331,2513,1827,1146]} 1. d4 Nf6 2. c4 e6 3. Nf3 d5 4. g3 Bb4+ 5. Nc3 O-O 6. Bg2 dxc4 7. O-O Nc6 8. Re1 {[#]} Be7 $146 {E20: Nimzo-Indian: 4 g3 and 4 f3.} ({Predecessor:} 8... Rb8 9. e4 b5 10. e5 Nd5 11. Ng5 f6 12. exf6 Qxf6 13. Qc2 g6 14. Nxe6 Nxc3 15. bxc3 Bxe6 16. Bxc6 Bf5 {½-½ (31) Gaehwiler,G (2401)-Breder,D (2469) Switzerland 2017}) 9. e4 Nb4 (9... a6 $15) 10. Ne5 c5 {The position is equal.} 11. d5 exd5 $1 12. exd5 Bf5 13. Nxc4 Nc2 14. Re5 Bg6 15. d6 Bxd6 16. Nxd6 {[#] Strongly threatening Rb1.} (16. Qxd6 Nxa1 17. Bxb7 Qxd6 $17) 16... Nxa1 17. Bg5 (17. Nxb7 $2 Qxd1+ 18. Nxd1 Rae8 $17) 17... Nc2 $1 18. Nd5 Kh8 $1 19. Ne4 Qb8 $1 {[%cal Rb8e5]} 20. Bxf6 gxf6 21. Re7 {[#] Qf3 is the strong threat.} Nb4 $1 {[%cal Rb4d5]} 22. Nxb4 cxb4 23. Qd4 Qd8 (23... Rd8 $11 {remains equal.} 24. Qxf6+ Kg8) 24. Qxf6+ $16 Kg8 25. Nd6 Rc8 26. Nxc8 {aiming for Nd6.} (26. Bxb7 $2 Rc7 $19) 26... Qd1+ 27. Bf1 Rxc8 28. Rxb7 a5 29. h4 $40 {[%mdl 128] White has strong attack.} Qd8 {This move loses the game for Black.} (29... Re8 $16 {was necessary.} 30. a3 h5) 30. Qe5 $18 {Threatens to win with h5.} h5 31. Be2 Qf8 32. Bf3 ({And not} 32. Bxh5 Rc1+ 33. Kg2 Rc5 $11) ({Stronger than} 32. Qxa5 Qe8 $11) 32... Rc5 33. Bd5 Kh7 34. Rd7 Qc8 35. Qe7 Rc1+ 36. Kg2 Qa6 $2 (36... Re1 37. Qxe1 Qxd7) 37. Bxf7 Qf1+ 38. Kf3 {White threatens Bxg6+ and mate.} Qh1+ {Weighted Error Value: White=0.06/Black=0.20} 1-0

[Event "74th RUS-ch Superfinal 2021"]
[Site "Ufa"]
[Date "2021.10.13"]
[Round "5.4"]
[White "Esipenko, Andrey"]
[Black "Goryachkina, Aleksandra"]
[Result "1/2-1/2"]
[WhiteElo "2720"]
[BlackElo "2602"]
[Annotator "TA"]
[PlyCount "61"]
[EventDate "2021.10.09"]
[EventType "tourn"]
[EventCountry "RUS"]
[SourceTitle "playchess.com"]
[Source "ChessBase"]
[SourceQuality "1"]

{[%evp 13,61,8,10,8,5,15,30,6,13,-8,15,-2,20,20,20,20,10,16,22,-14,99,109,127,118,137,141,184,48,43,41,45,41,46,36,28,0,0,-47,-10,-10,-14,-33,-25,-91,0,0,0,-101,0,0]} 1. e4 e5 2. Nf3 Nc6 3. Bc4 Bc5 4. c3 Nf6 5. d3 d6 6. Bg5 h6 7. Bh4 a6 8. Nbd2 {C54: Giuoco Piano: 4 c3 Nf6, main lines with 5 d4 and 5 d3.} Ba7 9. O-O Qe7 10. b4 {White has an edge.} g5 11. Bg3 Nh7 $1 12. a4 h5 {And now ...h4 would win.} 13. h4 g4 14. Ne1 $36 {[%mdl 2048] White is pushing.} Nf8 15. Nc2 Ng6 16. Ne3 {[#]} Bxe3 $146 (16... Be6 $11 {keeps the balance.}) ({Predecessor:} 16... Be6 17. b5 Nd8 18. d4 Nxh4 19. dxe5 dxe5 20. Bxe5 O-O 21. Bxe6 fxe6 22. Bd4 c5 23. bxc6 Nxc6 24. Bxa7 Rxa7 {½-½ (35) Dominguez Perez,L (2758)-Svidler,P (2714) Saint Louis 2021}) 17. fxe3 $16 Be6 {[#]} 18. d4 $1 {[%cal Rd4d5] d5 is the strong threat.} Bxc4 19. Nxc4 b6 20. b5 (20. Ra2 $18) 20... axb5 $14 21. axb5 {[%mdl 64] Discovered Attack} Rxa1 22. Qxa1 Nd8 23. dxe5 Nxe5 24. Nxe5 dxe5 25. Qa8 f6 26. Qc8 O-O 27. Qf5 Qe8 $1 28. Qc8 (28. Bxe5 $11 fxe5 29. Qg5+ Kh7 30. Rxf8 Qxf8 31. Qxh5+ Qh6 32. Qxe5) 28... Qe7 29. Qf5 Qe8 30. Qc8 {[#]} Qe7 ({Better is} 30... Qf7 $1 $17) 31. Qf5 {Weighted Error Value: White=0.21/Black=0.18} 1/2-1/2

[Event "74th RUS-ch Superfinal 2021"]
[Site "Ufa"]
[Date "2021.10.13"]
[Round "5.5"]
[White "Rakhmanov, Aleksandr"]
[Black "Fedoseev, Vladimir"]
[Result "0-1"]
[WhiteElo "2657"]
[BlackElo "2704"]
[Annotator "TA"]
[PlyCount "78"]
[EventDate "2021.10.09"]
[EventType "tourn"]
[EventCountry "RUS"]
[SourceTitle "playchess.com"]
[Source "ChessBase"]
[SourceQuality "1"]

{[%evp 12,78,6,4,19,20,8,5,12,6,16,8,10,7,10,8,4,4,4,14,28,0,0,0,0,0,0,0,0,0,0,0,0,0,0,-17,-15,-70,-28,-33,-24,-54,-55,-55,-55,-55,-50,-51,-52,-52,-52,-99,-102,-87,-104,-82,-60,-481,-327,-2007,-2041,-29984,-29985,-29985,-29986,-29985,-1306,-29990,-29991]} 1. Nf3 d5 2. g3 Nf6 3. Bg2 e6 4. O-O Be7 5. c4 O-O 6. b3 d4 7. e3 {7.e3 scores better than 7.Bb2.} c5 {A14: English Opening: 1...e6 with b3 by White.} 8. exd4 cxd4 9. Ne5 Nfd7 {The position is equal.} 10. Nxd7 Qxd7 11. f4 {[#]} a5 $146 ({Predecessor:} 11... Nc6 12. d3 b6 13. Nd2 Bb7 14. Nf3 a5 15. a3 h6 16. Qe2 Rad8 17. Bd2 Bc5 {½-½ (54) Artemiev,V (2699)-Yu,Y (2704) Chess.com INT 2021}) 12. d3 a4 13. Na3 Bc5 14. Bb2 Nc6 15. Nc2 Qd6 16. Qe1 Rb8 17. Bxc6 bxc6 18. b4 Bxb4 19. Nxb4 {Black must now prevent c5.} c5 20. Qe5 Qxe5 21. fxe5 cxb4 ({Of course not} 21... Rxb4 $6 22. Ba3 $16) 22. Rf4 a3 23. Bc1 f6 24. h4 (24. Rxd4 $11 fxe5 25. Rd6) 24... Rb7 25. Rb1 $1 h5 $36 {[%mdl 2048] Black fights for an advantage.} 26. Rb3 Bd7 {Strongly threatening ...Ba4.} 27. Bxa3 $1 Rfb8 28. Bc1 $1 fxe5 29. Re4 Ra8 30. a3 bxa3 31. Rxa3 Rf8 32. Rxe5 Rb1 33. Re1 Rf3 34. Bd2 $2 {[%mdl 8192] [#] White does not recover from this.} ({White should play} 34. Ra8+ $15 Kh7 35. Rd8) 34... Rb2 $1 $19 35. Bf4 $2 {[#]} (35. Re2) 35... Rff2 $1 {[%cal Rf2g2]} 36. Ra6 Rg2+ 37. Kh1 e5 38. Rxe5 Rgc2 (38... Bg4 $142 39. Ra8+ Kh7 40. Rb8 Rh2+ 41. Kg1 Rbg2+ 42. Kf1 Bf3 43. Rxh5+ Bxh5 44. g4 Rf2+ {[%mdl 64] Double Attack} 45. Kg1 Rhg2+ {[%mdl 64] Double Attack} 46. Kh1 Bxg4 47. Bg3 Rxg3 48. Rf8 Bf3+ 49. Rxf3 Rgxf3 50. c5 Rc2 51. Kg1 Rxd3 52. h5 Rd1#) 39. Re1 Bg4 {Weighted Error Value: White=0.70/Black=0.24} 0-1

[Event "74th RUS-ch Superfinal 2021"]
[Site "Ufa"]
[Date "2021.10.13"]
[Round "5.6"]
[White "Chigaev, Maksim"]
[Black "Predke, Alexandr"]
[Result "1/2-1/2"]
[WhiteElo "2639"]
[BlackElo "2666"]
[Annotator "TA"]
[PlyCount "51"]
[EventDate "2021.10.09"]
[EventType "tourn"]
[EventCountry "RUS"]
[SourceTitle "playchess.com"]
[Source "ChessBase"]
[SourceQuality "1"]

{[%evp 13,51,0,0,0,0,0,0,0,0,0,0,-35,-38,-55,0,0,0,0,0,0,0,0,0,-11,-11,-11,-22,-4,13,0,0,0,0,0,0,0,0,0,0,0]} 1. d4 Nf6 2. c4 e6 3. Nc3 Bb4 4. Qc2 O-O 5. e4 d5 6. e5 Ne4 7. Bd3 c5 $1 {[%cal Rc5d4]} 8. Nf3 $1 {8.Nf3 is better than 8.Nge2. E32: Nimzo-Indian: Classical (4 Qc2): 4...0-0.} cxd4 9. Nxd4 Nd7 10. Bf4 Qh4 11. g3 Qh5 12. h4 Nxe5 13. Be2 {[%cal Re2h5]} Qg6 (13... Ng4 $15 14. Bxg4 Qxg4) 14. Bxe5 $11 {The position is equal.} f6 15. h5 Qf7 16. Bf4 e5 {[%mdl 64] [#] Double Attack} 17. cxd5 {[#]} Qxd5 $146 {Hoping for ...Nxc3.} ({Predecessor:} 17... exd4 18. Qxe4 Bxc3+ 19. bxc3 dxc3 20. O-O Re8 21. Qd3 Bf5 22. Qxf5 Rxe2 23. Rfe1 Rae8 24. Rxe2 Rxe2 {1-0 (34) Xiong,J (2709)-Chylewski,P (2330) Chess.com INT 2020}) 18. O-O Bxc3 ({But not} 18... Qxd4 $2 19. Be3 $18) 19. bxc3 exf4 20. gxf4 Ng5 21. fxg5 Qxg5+ 22. Kh2 {[#] Threatens to win with Rh1.} Qh4+ 23. Kg1 {And now Bf3 would win.} Qg5+ 24. Kh2 {aiming for Rh1.} Qh4+ 25. Kg1 {Bf3 is the strong threat.} Qg5+ 26. Kh2 {Weighted Error Value: White=0.04/Black=0.05} 1/2-1/2

[Event "74th RUS-ch Superfinal 2021"]
[Site "Ufa"]
[Date "2021.10.14"]
[Round "6.1"]
[White "Matlakov, Maxim"]
[Black "Predke, Alexandr"]
[Result "1/2-1/2"]
[WhiteElo "2682"]
[BlackElo "2666"]
[Annotator "TA"]
[PlyCount "73"]
[EventDate "2021.10.09"]
[EventType "tourn"]
[EventCountry "RUS"]
[SourceTitle "playchess.com"]
[Source "ChessBase"]
[SourceQuality "1"]

{[%evp 25,73,12,18,4,17,22,34,29,21,35,43,18,46,52,52,43,42,28,37,31,50,27,62,40,65,77,97,86,200,100,112,0,0,0,95,93,89,93,85,69,79,0,70,65,75,0,50,0,78,0]} 1. e4 e5 2. Nf3 Nc6 3. Bb5 a6 4. Ba4 Nf6 5. O-O Be7 6. Re1 b5 7. Bb3 d6 8. c3 O-O 9. h3 Re8 10. d4 Bb7 11. Nbd2 Bf8 12. a4 {12.a3 deserves study.} h6 13. Bc2 Rb8 14. Bb1 {[#] C92: Closed Ruy Lopez: 9...Be6, Karpov and Flohr-Zaitsev Variations.} b4 $146 ({Predecessor:} 14... Bc8 15. Nf1 b4 16. Ng3 bxc3 17. bxc3 g6 18. Bd2 Na5 19. Ba2 Be6 20. c4 Nxc4 21. Bc3 Nb2 {½-½ (30) Ehlvest,J (2485)-Podgaets,M (2450) Sverdlovsk 1984}) 15. a5 bxc3 16. bxc3 {White is slightly better.} exd4 17. cxd4 Nb4 18. Ra3 d5 {[%cal Rd5e4]} 19. e5 Ne4 20. Nxe4 dxe4 21. Bxe4 Bxe4 22. Rxe4 Qd5 23. Qe2 Re6 24. Bd2 Rb5 25. Rc3 c6 26. Rc4 Qd8 {[#]} (26... c5 $16 {is a better defense.}) 27. Ne1 (27. Rxb4 $1 $18 {[%mdl 512]} Bxb4 28. d5 Qxd5 29. Rxb4) 27... Qd5 28. Rg4 (28. Kh2 $16) 28... c5 $1 $11 29. Nf3 Rxa5 (29... Nc6 $11) 30. dxc5 $16 Ra1+ 31. Kh2 Nc6 32. Bc3 Rc1 33. Bb2 (33. Qd2 $16 Rd1 34. Qc2) 33... Rb1 (33... Rxc4 $11 34. Rxc4 (34. Qxc4 Qxc5 35. Kg1 a5 $11) 34... Bxc5) 34. Qc2 $14 Rf1 35. Qe2 Rb1 36. Qc2 Rf1 37. Qe2 {Weighted Error Value: White=0.28/Black=0.21} (37. Rge4 $16) 1/2-1/2

[Event "74th RUS-ch Superfinal 2021"]
[Site "Ufa"]
[Date "2021.10.14"]
[Round "6.2"]
[White "Fedoseev, Vladimir"]
[Black "Chigaev, Maksim"]
[Result "1/2-1/2"]
[WhiteElo "2704"]
[BlackElo "2639"]
[Annotator "TA"]
[PlyCount "66"]
[EventDate "2021.10.09"]
[EventType "tourn"]
[EventCountry "RUS"]
[SourceTitle "playchess.com"]
[Source "ChessBase"]
[SourceQuality "1"]

{[%evp 14,66,28,26,27,28,22,18,21,17,21,19,26,27,19,9,27,10,13,16,14,14,15,14,14,15,14,15,15,15,15,15,15,15,16,16,16,16,16,16,17,16,16,16,16,9,9,10,18,7,18,0,18,0,18]} 1. d4 Nf6 2. c4 g6 3. Nf3 Bg7 4. g3 O-O 5. Bg2 d5 6. O-O dxc4 7. Na3 c5 8. dxc5 c3 {D77: Fianchetto Grünfeld: 6 0-0: Replies other than 6...c6.} 9. Nb5 Na6 {[%cal Bb8a6,Ba6c5,Bc5e4][%mdl 32]} 10. Nxc3 Nxc5 11. Be3 {[#] Hoping for Qxd8.} Nfe4 12. Nxe4 Nxe4 13. Bd4 Bf5 14. e3 Re8 15. Nh4 {[#]} Bxd4 $146 {The position is equal.} ({Predecessor:} 15... e5 16. Nxf5 gxf5 17. Bc3 Nxc3 18. bxc3 e4 19. Rb1 b6 20. Rb5 Qxd1 21. Rxd1 Rad8 22. Rxd8 Rxd8 23. Rxf5 {1-0 (40) Banusz,T (2631)-Sadhwani,R (2555) Biel 2021}) 16. Nxf5 Bxb2 17. Nh6+ Kg7 {[#] aiming for ...Nd2.} 18. Nxf7 $1 Qxd1 19. Raxd1 Nc5 20. Ng5 {Strongly threatening Rd5.} Rac8 21. Rd2 Bf6 22. Ne4 Nxe4 23. Bxe4 Rc7 24. Rfd1 b6 25. h4 Rec8 26. Rd7 Be5 27. Kg2 Rxd7 28. Rxd7 Rc7 29. Rxc7 Bxc7 $11 {KB-KB} 30. Bc6 Bd6 31. Bb5 Bc7 32. Bc6 Bd6 33. Bb5 Bc7 {A rather calm draw.  Weighted Error Value: White=0.03/Black=0.01} 1/2-1/2

[Event "74th RUS-ch Superfinal 2021"]
[Site "Ufa"]
[Date "2021.10.14"]
[Round "6.3"]
[White "Goryachkina, Aleksandra"]
[Black "Rakhmanov, Aleksandr"]
[Result "1/2-1/2"]
[WhiteElo "2602"]
[BlackElo "2657"]
[Annotator "TA"]
[PlyCount "107"]
[EventDate "2021.10.09"]
[EventType "tourn"]
[EventCountry "RUS"]
[SourceTitle "playchess.com"]
[Source "ChessBase"]
[SourceQuality "1"]

{[%evp 18,107,25,28,35,24,36,29,41,33,45,39,60,47,41,45,58,58,58,58,58,58,66,55,55,55,55,55,55,55,55,47,47,47,47,47,47,44,51,50,61,44,44,44,44,0,44,44,58,0,44,44,49,45,45,48,52,42,52,58,60,34,34,34,34,34,34,34,34,34,34,34,27,27,34,29,34,0,37,30,37,0,0,0,0,0,28,0,34,34,30,0]} 1. d4 Nf6 2. c4 e6 3. Nc3 d5 4. cxd5 exd5 5. Bg5 c6 6. e3 Bf5 7. Qf3 Bg6 8. Bxf6 Qxf6 9. Qxf6 gxf6 10. Nf3 Nd7 {[%cal Bb8d7,Bd7f6,Bf6e4][%mdl 32] D35: Queen's Gambit Declined: Exchange Variation.} 11. Nh4 Be7 12. Ne2 f5 13. Nf3 {[#]} a5 $146 ({Predecessor:} 13... Nf6 14. Nf4 Ne4 15. Bd3 Bd6 16. h4 h5 17. Ne5 Rh6 18. Ke2 Ke7 19. Rh3 Bh7 {1-0 (73) Bluebaum,M (2672)-Bacrot,E (2674) chess.com INT 2020}) 14. Nf4 Nf6 15. Ne5 Bb4+ 16. Kd1 Ne4 17. Ned3 Bd6 18. Ke1 Ke7 19. g3 a4 20. a3 Ra5 21. Be2 h6 22. Rc1 Bh7 23. Rc2 Rg8 24. f3 Ng5 25. Kf2 Ne6 26. Rhc1 Bg6 27. Rd2 Bh7 28. Bd1 Bg6 29. Ne2 Rga8 30. Ndf4 Kf6 31. Nc3 Nc7 32. Be2 Ne6 33. Bd3 (33. Ng2 $14) 33... Bxf4 34. gxf4 Nc7 35. Na2 Ne8 36. Nb4 Nd6 37. Rdc2 Ke7 38. Rg1 Ke6 39. h4 Rg8 40. Be2 Raa8 41. Nd3 f6 42. Nc5+ Ke7 43. Rcc1 Bf7 44. Rxg8 Bxg8 45. Bd1 b5 $1 46. Be2 Bf7 47. Nd3 Rc8 48. Nb4 Be8 49. Bd1 Nc4 50. Rc2 Bd7 51. Be2 Nd6 52. Rc1 Be8 53. Bd3 Bd7 54. Be2 {Weighted Error Value: White=0.07/Black=0.06} 1/2-1/2

[Event "74th RUS-ch Superfinal 2021"]
[Site "Ufa"]
[Date "2021.10.14"]
[Round "6.4"]
[White "Andreikin, Dmitry"]
[Black "Esipenko, Andrey"]
[Result "1/2-1/2"]
[WhiteElo "2728"]
[BlackElo "2720"]
[Annotator "TA"]
[PlyCount "59"]
[EventDate "2021.10.09"]
[EventType "tourn"]
[EventCountry "RUS"]
[SourceTitle "playchess.com"]
[Source "ChessBase"]
[SourceQuality "1"]

{[%evp 25,59,16,22,17,14,17,7,19,7,14,18,10,14,18,14,0,0,0,0,0,0,0,0,0,0,0,0,0,0,0,0,0,0,0,0,0]} 1. e4 {Gelfand,B} e5 2. Nf3 Nf6 3. Nxe5 d6 4. Nf3 Nxe4 5. d4 d5 6. Bd3 Nc6 7. O-O Be7 8. c4 Nb4 9. Be2 O-O 10. Nc3 Bf5 11. a3 Nxc3 12. bxc3 Nc6 13. Re1 Re8 {The position is equal.} 14. Bf4 {C42: Petroff Defence: 3 Nxe5 and unusual White 3rd moves.} dxc4 15. Bxc4 Bd6 16. Rxe8+ Qxe8 {[#]} 17. Ng5 $1 Bg6 18. Bxd6 cxd6 19. h4 {Black must now prevent h5.} Qe7 20. Qg4 h6 21. h5 Bxh5 22. Qxh5 hxg5 23. Rd1 Rf8 24. Rd3 $5 {[%mdl 4] [#] White wants to mate with Rh3. Exploring less charted territory.} Qe1+ 25. Kh2 {Rh3 would kill now.} Qxf2 {And now ...Qf4+ would win.} 26. Rh3 {[%csl Gh3][%cal Rh5h8]} Qf4+ 27. Kg1 {[%csl Gh3][%cal Rh5h8]} Qc1+ {[#]} 28. Kh2 $146 {[%csl Gh3][%cal Rh5h8]} ({Predecessor:} 28. Bf1 f6 29. Qe2 Kf7 30. Qh5+ Kg8 31. Qe2 Nd8 32. Qe4 f5 33. Qd5+ Nf7 34. Qxf5 Nh6 {0-1 (56) Morovic Fernandez,I (2549)-Gelfand,B (2704) Cap d'Agde 2002 CBM 092 [Gelfand,B]}) 28... Qf4+ 29. Kh1 {[%csl Gh3][%cal Rh5h8]} Qc1+ 30. Kh2 {[%csl Gh3][%cal Rh5h8] Not much happened in this game.  Weighted Error Value: White=0.01/Black=0.00} 1/2-1/2